MARC

LEADER 00000nam0a2200000 4500
001 287107
005 20231101235945.0
035 |a (RuTPU)RU\TPU\book\311481 
090 |a 287107 
100 |a 20150312d1985 k y0rusy50 ca 
101 0 |a rus 
102 |a RU 
105 |a a z 001zy 
200 1 |a Использование физических полей для извлечения нефти из пластов  |f Г. Г. Вахитов, Э. М. Симкин 
210 |a Москва  |c Недра  |d 1985 
215 |a 231 с.  |c ил. 
320 |a Библиогр.: с. 228-229 
606 1 |a Нефтяные пласты  |x Нефтеотдача  |x Прогноз  |2 stltpush  |3 (RuTPU)RU\TPU\subj\45993  |9 65181 
610 1 |a электрофизические явления 
610 1 |a скважины 
610 1 |a явления 
610 1 |a горные породы 
610 1 |a электростатическое поле 
610 1 |a теплоперенос 
610 1 |a массоперенос 
610 1 |a физические поля 
610 1 |a сейсмоакустика 
675 |a 622.276.6  |v 4 
700 1 |a Вахитов  |b Г. Г. 
701 1 |a Симкин  |b Э. М. 
801 1 |a RU  |b 63413507  |c 20150312 
801 2 |a RU  |b 63413507  |c 20180320  |g RCR 
942 |c BK